000 00507nam a2200181Ia 4500
005 20250326124901.0
008 250326s9999 xx 000 0 und d
037 _aTextbook
040 _aFMSL
_beng
_cFMSL
041 _aeng
_2eng
084 _aX:8DRy7 L0
_qFMSL
100 _aWelsch G A
245 0 _aCases in profit planning and control
_cWelsch G A
260 _aNew Jersey
_bNew Jersey, Prentice-Hall
_c1970
300 _a144p
942 _cTB
_hX:8DRy7 L0
999 _c1275630
_d1275630